[Event "Bundesliga 2022-23"]
[Site "Kiel GER"]
[Date "2023.04.29"]
[Round "14.6"]
[Board "2"]
[White "Svane, Rasmus"]
[Black "Brkic, Ante"]
[Result "1/2-1/2"]
[WhiteTitle "GM"]
[BlackTitle "GM"]
[WhiteElo "2615"]
[BlackElo "2602"]
[WhiteTeam "Hamburger SK"]
[BlackTeam "SK Kirchweyhe"]
[WhiteFideId "4657101"]
[BlackFideId "14506688"]
[EventDate "2022.10.22"]

1. c4 e5 2. Nc3 Nf6 3. Nf3 Nc6 4. e4 Bb4 5. d3 d6 6. a3 Bxc3+ 7. bxc3 O-O 8. g3
Rb8 9. Bg2 b5 10. cxb5 Rxb5 11. Qa4 Rb6 12. Be3 Ra6 13. Qc2 Na5 14. O-O c5 15.
h3 c4 16. d4 Nb3 17. Ra2 Qc7 18. Bg5 Nd7 19. Nd2 exd4 20. cxd4 Nxd4 21. Qxc4
Qxc4 22. Nxc4 Ne5 23. Nxe5 dxe5 24. Be7 Re8 25. Rc1 Re6 26. Bc5 Rc6 27. Rc3 Be6
28. Rb2 Rec8 29. Bxd4 Rxc3 30. Bxc3 Rxc3 31. Rb8+ Rc8 32. Rb7 g5 33. Rxa7 Rc1+
34. Kh2 Rc2 35. Kg1 Rc1+ 36. Kh2 Rc2 1/2-1/2

[Event "Bundesliga 2022-23"]
[Site "Kiel GER"]
[Date "2023.04.29"]
[Round "14.6"]
[Board "3"]
[White "Stevic, Hrvoje"]
[Black "Kempinski, Robert"]
[Result "1/2-1/2"]
[WhiteTitle "GM"]
[BlackTitle "GM"]
[WhiteElo "2565"]
[BlackElo "2541"]
[WhiteTeam "SK Kirchweyhe"]
[BlackTeam "Hamburger SK"]
[WhiteFideId "14502569"]
[BlackFideId "1105663"]
[EventDate "2022.10.22"]

1. e4 c5 2. c3 Nf6 3. e5 Nd5 4. Nf3 d6 5. Bb5+ Bd7 6. Bc4 e6 7. d4 cxd4 8. Bxd5
exd5 9. O-O Nc6 10. Bf4 dxe5 11. Bxe5 Nxe5 12. Nxe5 Bd6 13. Nxd7 Qxd7 14. Re1+
Be7 15. Qxd4 O-O 16. Nd2 Rfe8 17. Re5 Red8 18. Re2 Bf6 19. Qd3 Qa4 20. a3 Rac8 1/2-1/2

[Event "Bundesliga 2022-23"]
[Site "Kiel GER"]
[Date "2023.04.29"]
[Round "14.6"]
[Board "4"]
[White "Svane, Frederik"]
[Black "Jovanovic, Zoran"]
[Result "1/2-1/2"]
[WhiteTitle "GM"]
[BlackTitle "GM"]
[WhiteElo "2566"]
[BlackElo "2519"]
[WhiteTeam "Hamburger SK"]
[BlackTeam "SK Kirchweyhe"]
[WhiteFideId "12923044"]
[BlackFideId "14505320"]
[EventDate "2022.10.22"]

1. c4 d6 2. d4 e5 3. Nf3 e4 4. Ng1 f5 5. Nc3 Be7 6. Bf4 Nf6 7. e3 c6 8. Be2 O-O
9. h4 Na6 10. Nh3 h6 11. Bg3 Be6 12. Rb1 Nc7 13. b4 a6 14. a4 Bf7 15. a5 d5 16.
Bxc7 Qxc7 17. Qb3 Bd6 18. g3 dxc4 19. Bxc4 Bxc4 20. Qxc4+ Qf7 21. Qxf7+ Kxf7 22.
Ke2 1/2-1/2

[Event "Bundesliga 2022-23"]
[Site "Kiel GER"]
[Date "2023.04.29"]
[Round "14.6"]
[Board "5"]
[White "Kovacevic, Aleksandar"]
[Black "Hansen, Sune Berg"]
[Result "1-0"]
[WhiteTitle "GM"]
[BlackTitle "GM"]
[WhiteElo "2471"]
[BlackElo "2525"]
[WhiteTeam "SK Kirchweyhe"]
[BlackTeam "Hamburger SK"]
[WhiteFideId "903124"]
[BlackFideId "1400266"]
[EventDate "2022.10.22"]

1. e4 e5 2. Nf3 Nc6 3. Bb5 a6 4. Ba4 d6 5. c3 Bd7 6. d4 g6 7. Bg5 Be7 8. Be3 Nf6
9. Bh6 Ng4 10. Bc1 O-O 11. O-O Nf6 12. Nbd2 Re8 13. Re1 Bf8 14. Bc2 a5 15. h3 a4
16. d5 Ne7 17. c4 Nc8 18. Nb1 Nb6 19. Bd3 c5 20. Nc3 Nh5 21. Be3 Bg7 22. Rb1 Nf4
23. Bf1 Nc8 24. Kh2 h6 25. g3 Nh5 26. Nd2 Nf6 27. Bd3 Nh7 28. g4 Kh8 29. Rg1 Bf6
30. Bxh6 g5 31. h4 Ne7 32. Nf3 gxh4 33. Be3 Ng6 34. Qd2 Rg8 35. Ne2 Qc8 36. g5
Be7 37. Rh1 Bg4 38. Neg1 f6 39. gxf6 Bxf6 40. Ng5 Qf8 41. Nxh7 Kxh7 42. Be2 Bd7
43. Nf3 Qe7 44. Rbg1 Raf8 45. Rg2 h3 46. Rg3 Nf4 47. Rhg1 Rxg3 48. Rxg3 Bh4 49.
Nxh4 Qxh4 50. Bf3 Kh8 51. Qa5 Qe7 52. Qc7 Kh7 53. Bg4 Rf7 54. Qxd7 Qxd7 55. Bxd7
Rxd7 56. Bxf4 exf4 57. Rxh3+ Kg6 58. Kg2 b5 59. cxb5 Rb7 60. Ra3 Rxb5 61. Rxa4
Rxb2 62. Ra6 Kg5 63. Rxd6 Rxa2 64. Rc6 Rc2 65. Kf3 c4 66. e5 Kf5 67. e6 Rc3+ 68.
Ke2 Kf6 69. Rc7 Rd3 70. Rf7+ Kg6 71. Rxf4 Rxd5 72. Re4 Rd8 73. Rxc4 Kf5 74. e7
Re8 75. Rc7 Ke6 76. Rc3 Kf6 77. Re3 Rxe7 78. Rxe7 Kxe7 79. Ke3 Ke6 80. Ke4 Kf6
81. Kf4 1-0

[Event "Bundesliga 2022-23"]
[Site "Kiel GER"]
[Date "2023.04.29"]
[Round "14.6"]
[Board "6"]
[White "Heinemann, Thies"]
[Black "Palac, Mladen"]
[Result "1/2-1/2"]
[WhiteTitle "GM"]
[BlackTitle "GM"]
[WhiteElo "2484"]
[BlackElo "2516"]
[WhiteTeam "Hamburger SK"]
[BlackTeam "SK Kirchweyhe"]
[WhiteFideId "4601556"]
[BlackFideId "14500116"]
[EventDate "2022.10.22"]

1. e4 c5 2. Nf3 d6 3. Bb5+ Nd7 4. d4 cxd4 5. Qxd4 a6 6. Be2 Ngf6 7. O-O e5 8.
Qe3 Ng4 9. Qd2 Nc5 10. Nc3 Nf6 11. Qe3 Ng4 12. Qd2 Nf6 13. Qe3 Ng4 14. Qd2 1/2-1/2

[Event "Bundesliga 2022-23"]
[Site "Kiel GER"]
[Date "2023.04.29"]
[Round "14.6"]
[Board "7"]
[White "Zelcic, Robert"]
[Black "Rogozenco, Dorian"]
[Result "1/2-1/2"]
[WhiteTitle "GM"]
[BlackTitle "GM"]
[WhiteElo "2495"]
[BlackElo "2438"]
[WhiteTeam "SK Kirchweyhe"]
[BlackTeam "Hamburger SK"]
[WhiteFideId "14500310"]
[BlackFideId "1210319"]
[EventDate "2022.10.22"]

1. e4 c5 2. Nf3 e6 3. Nc3 Nc6 4. d4 cxd4 5. Nxd4 Nf6 6. a3 Be7 7. Be2 O-O 8. O-O
d6 9. Kh1 Bd7 10. Be3 Nxd4 11. Bxd4 Bc6 12. Qd3 e5 13. Be3 d5 14. exd5 Nxd5 15.
Nxd5 Qxd5 16. Qxd5 Bxd5 17. c4 Bc6 18. b4 b6 19. c5 bxc5 20. Rfc1 Rfd8 21. Kg1
Ba4 22. Bxc5 Bg5 23. Be3 Bxe3 24. fxe3 Rac8 25. Bg4 Rc2 26. Rxc2 Bxc2 27. Rc1
Rd2 28. Kf1 g6 29. Be2 Bd3 30. Bxd3 Rxd3 31. a4 Rxe3 32. Rc5 Rb3 33. b5 Ra3 34.
Rxe5 Rxa4 35. Re8+ Kg7 36. Rb8 h5 37. b6 axb6 38. Rxb6 h4 39. h3 g5 40. Rb2 Rf4+
41. Kg1 Kg6 42. Rc2 Re4 43. Kf2 f5 44. Rc6+ Kf7 45. Rb6 Ra4 46. Rb2 Kf6 47. Rc2
Ke5 48. Re2+ Re4 49. Ra2 g4 50. hxg4 fxg4 51. Ra5+ Kf4 52. Ra2 g3+ 53. Kf1 Rc4
54. Ra1 Rc3 55. Re1 Ra3 56. Kg1 Re3 57. Rxe3 Kxe3 58. Kh1 h3 59. Kg1 Ke2 60.
gxh3 Kf3 1/2-1/2

[Event "Bundesliga 2022-23"]
[Site "Kiel GER"]
[Date "2023.04.29"]
[Round "14.6"]
[Board "8"]
[White "Sebastian, Dirk"]
[Black "Genov, Petar"]
[Result "1/2-1/2"]
[WhiteTitle "IM"]
[BlackTitle "GM"]
[WhiteElo "2435"]
[BlackElo "2415"]
[WhiteTeam "Hamburger SK"]
[BlackTeam "SK Kirchweyhe"]
[WhiteFideId "4637607"]
[BlackFideId "2900211"]
[EventDate "2022.10.22"]

1. e4 c5 2. Nc3 a6 3. g3 d6 4. Bg2 Nf6 5. Nge2 e5 6. O-O Be7 7. a3 b5 8. b4 cxb4
9. axb4 Bb7 10. d4 Nbd7 11. f4 Rc8 12. Nd5 Nxd5 13. exd5 exf4 14. Nxf4 O-O 15.
Bd2 Bg5 16. c3 Nb6 17. Qg4 f5 18. Qe2 Bxf4 19. Qe6+ Kh8 20. Bxf4 Rxc3 1/2-1/2

[Event "Bundesliga 2022-23"]
[Site "Munich GER"]
[Date "2023.04.29"]
[Round "14.7"]
[Board "1"]
[White "Bluebaum, Matthias"]
[Black "Eljanov, Pavel"]
[Result "1/2-1/2"]
[WhiteTitle "GM"]
[BlackTitle "GM"]
[WhiteElo "2647"]
[BlackElo "2697"]
[WhiteTeam "Schachfreunde Deizisau"]
[BlackTeam "Muenchener Schachclub 1836"]
[WhiteFideId "24651516"]
[BlackFideId "14102951"]
[EventDate "2022.10.22"]

1. Nf3 d5 2. g3 g6 3. Bg2 Bg7 4. d4 Nf6 5. O-O O-O 6. c4 c6 7. a4 Be6 8. Nc3
dxc4 9. e4 Na6 10. h3 Nb4 11. Be3 Qc8 12. Kh2 a5 13. Qe2 Ne8 14. Rad1 f5 15. Ng5
fxe4 16. Nxe6 Qxe6 17. Nxe4 Nd6 18. Nc5 Qf7 19. Bf4 Nf5 20. Be5 Nd3 21. Nxd3
cxd3 22. Rxd3 Bxe5 23. Qxe5 Qf6 24. Re1 Rad8 25. d5 Qxe5 26. Rxe5 c5 27. Rc3 b6
28. g4 Nd4 29. Rxe7 Rxf2 30. Rce3 Rf7 31. Re8+ Rxe8 32. Rxe8+ Rf8 33. Re7 Rf7
34. Re8+ Rf8 35. Re7 Rf7 36. Re8+ 1/2-1/2

[Event "Bundesliga 2022-23"]
[Site "Munich GER"]
[Date "2023.04.29"]
[Round "14.7"]
[Board "2"]
[White "Saric, Ivan"]
[Black "Kamsky, Gata"]
[Result "1-0"]
[WhiteTitle "GM"]
[BlackTitle "GM"]
[WhiteElo "2668"]
[BlackElo "2666"]
[WhiteTeam "Muenchener Schachclub 1836"]
[BlackTeam "Schachfreunde Deizisau"]
[WhiteFideId "14508150"]
[BlackFideId "2000024"]
[EventDate "2022.10.22"]

1. e4 e5 2. Nf3 Nc6 3. d4 exd4 4. Nxd4 Bc5 5. Nb3 Bb6 6. Nc3 Nge7 7. Bf4 d6 8.
Qd2 a5 9. Bb5 O-O 10. O-O-O Na7 11. Ba4 Bd7 12. h4 Qe8 13. Bxd7 Qxd7 14. a4 Nac6
15. h5 f6 16. h6 g6 17. Be3 Bxe3 18. Qxe3 Qe6 19. f4 Qc4 20. Rhe1 Rae8 21. Qh3
b6 22. Kb1 Kh8 23. Qd7 Nb8 24. Qh3 Nbc6 25. Nd2 Qf7 26. Nf3 Nb4 27. Nd4 Nec6 28.
Nxc6 Nxc6 29. Nd5 Nb4 30. Qc3 Nxd5 31. exd5 Kg8 32. g4 g5 33. fxg5 Rxe1 34. Rxe1
fxg5 35. Re6 Rd8 36. b3 Rf8 37. Kb2 Rd8 38. Kb1 Rf8 39. Ka2 Rd8 40. Qe3 Qf4 41.
Re8+ Rxe8 42. Qxe8+ Qf8 43. Qe6+ Qf7 44. Qc8+ Qf8 45. Qxc7 Qxh6 46. Qxb6 Qh2 47.
Qd8+ Kf7 48. Qd7+ Kf8 49. Qf5+ Ke8 50. Kb2 h6 51. Qc8+ Kf7 52. Qc7+ Kg6 53. Qxa5
h5 54. gxh5+ Kxh5 55. Qc3 Qf2 56. Qh3+ Kg6 57. Qe6+ Kh5 58. Qxd6 g4 59. Qe5+ Kg6
60. Qe8+ Kg5 61. Qg8+ Kh5 62. Qh7+ Kg5 63. Qg7+ 1-0

[Event "Bundesliga 2022-23"]
[Site "Munich GER"]
[Date "2023.04.29"]
[Round "14.7"]
[Board "3"]
[White "Kollars, Dmitrij"]
[Black "Indjic, Aleksandar"]
[Result "1-0"]
[WhiteTitle "GM"]
[BlackTitle "GM"]
[WhiteElo "2612"]
[BlackElo "2630"]
[WhiteTeam "Schachfreunde Deizisau"]
[BlackTeam "Muenchener Schachclub 1836"]
[WhiteFideId "12909572"]
[BlackFideId "911925"]
[EventDate "2022.10.22"]

1. d4 Nf6 2. c4 e6 3. Nf3 b6 4. g3 Bb7 5. Bg2 Bb4+ 6. Bd2 c5 7. Bxb4 cxb4 8. a3
bxa3 9. Nxa3 O-O 10. O-O d5 11. Ne5 Nc6 12. cxd5 Nxd5 13. Nac4 Ncb4 14. Qd2 a5
15. Rfc1 Re8 16. e4 Nf6 17. Qe3 Re7 18. Rc3 Ne8 19. Rd1 Rc8 20. Na3 Nd6 21. h4
Rec7 22. d5 exd5 23. exd5 Na2 24. Rxc7 Qxc7 25. Nc6 Re8 26. Qf4 Ba6 27. Nc2 Qd7
28. Ra1 Bd3 29. Ne5 Qf5 30. Nxd3 Qxd3 31. Qxd6 Qxc2 32. Qc6 Qxc6 33. dxc6 Nb4
34. c7 Na6 35. Rc1 Rc8 36. Bb7 Rxc7 37. Rd1 Kf8 38. Bxa6 Rc2 39. b3 Ke7 40. Rd4
Rc3 41. Bc4 b5 42. Bxb5 Rxb3 43. Rd7+ Ke8 44. Rb7+ Kd8 45. Bc6 1-0

[Event "Bundesliga 2022-23"]
[Site "Munich GER"]
[Date "2023.04.29"]
[Round "14.7"]
[Board "4"]
[White "Martinovic, Sasa"]
[Black "Gupta, Abhijeet"]
[Result "1/2-1/2"]
[WhiteTitle "GM"]
[BlackTitle "GM"]
[WhiteElo "2546"]
[BlackElo "2607"]
[WhiteTeam "Muenchener Schachclub 1836"]
[BlackTeam "Schachfreunde Deizisau"]
[WhiteFideId "14509792"]
[BlackFideId "5010608"]
[EventDate "2022.10.22"]

1. d4 Nf6 2. c4 g6 3. Nc3 d5 4. Nf3 Bg7 5. h3 O-O 6. cxd5 Nxd5 7. e4 Nxc3 8.
bxc3 b6 9. Bc4 Bb7 10. Qe2 c5 11. O-O Nc6 12. d5 Na5 13. Bg5 Nxc4 14. Qxc4 Qd7
15. Rad1 e6 16. a4 Rfe8 17. Rd2 h6 18. Be3 exd5 19. exd5 f5 20. a5 Re4 21. Qd3
Qa4 22. Qb1 Qxa5 23. Rc1 Bxc3 24. Ra2 Qb4 25. Qd3 Bb2 26. Bd2 c4 27. Bxb4 cxd3
28. Rxb2 Bxd5 29. Rd1 Re2 30. Rxe2 Bxf3 31. Ree1 Bxd1 32. Rxd1 Rd8 33. Bd2 a5
34. Rb1 Rd6 35. Kf1 g5 36. g3 Kf7 37. Ke1 Re6+ 38. Kd1 Re2 39. Be3 a4 40. Rxb6
a3 41. Rxh6 a2 42. Ra6 f4 43. gxf4 gxf4 44. Bd4 f3 45. h4 d2 46. h5 Re4 47. Ra7+
Ke6 48. Bc3 Re2 49. Bxd2 Rxf2 50. Rxa2 Rf1+ 51. Be1 Rh1 52. Rf2 Rxh5 53. Rxf3
Rh2 54. Bf2 Rh1+ 55. Ke2 Ra1 56. Rb3 Ra2+ 57. Kf3 Ra4 58. Rd3 Ra5 59. Bd4 Rf5+
60. Ke4 Rh5 61. Be3 Re5+ 62. Kf3 Ra5 63. Rd4 Rf5+ 64. Bf4 Rd5 65. Ra4 Kf5 66.
Ra8 Rd3+ 67. Be3 Rd5 68. Rf8+ Ke5 69. Bf4+ Kd4 70. Rc8 Kd3 71. Rc1 Kd4 72. Ra1
Kd3 73. Ra4 Rd7 74. Ra3+ Kd4 75. Be3+ Ke5 76. Ra4 Kd5 77. Ra5+ Kc4 78. Ke2 Rd5
79. Ra6 Rd7 80. Rc6+ Kd5 81. Rc5+ Ke4 82. Rc4+ Kd5 83. Rh4 Ke5 84. Bd4+ Rxd4 85.
Rxd4 Kxd4 1/2-1/2

[Event "Bundesliga 2022-23"]
[Site "Munich GER"]
[Date "2023.04.29"]
[Round "14.7"]
[Board "5"]
[White "Zilka, Stepan"]
[Black "Prusikin, Michael"]
[Result "1-0"]
[WhiteTitle "GM"]
[BlackTitle "GM"]
[WhiteElo "2594"]
[BlackElo "2517"]
[WhiteTeam "Schachfreunde Deizisau"]
[BlackTeam "Muenchener Schachclub 1836"]
[WhiteFideId "315303"]
[BlackFideId "4642325"]
[EventDate "2022.10.22"]

1. e4 e5 2. Nf3 Nc6 3. Bb5 a6 4. Ba4 Nf6 5. O-O Be7 6. Re1 b5 7. Bb3 d6 8. c3
O-O 9. h3 Nb8 10. d4 Nbd7 11. Nbd2 Bb7 12. Bc2 Re8 13. Nf1 Bf8 14. Ng3 g6 15. a4
c5 16. d5 c4 17. Bg5 Nc5 18. Qd2 Be7 19. Bh6 Nfd7 20. Rf1 Bf8 21. Bg5 Be7 22.
Be3 Bf6 23. Nh2 Bg7 24. Ng4 Qe7 25. Nh6+ Kh8 26. h4 Nf6 27. Bg5 Qf8 28. h5 Ng8
29. Nxg8 Kxg8 30. h6 Bh8 31. Qe2 Rab8 32. axb5 axb5 33. Ra5 Bc8 34. Ra7 Rb7 35.
Rfa1 Rxa7 36. Rxa7 Bd7 37. Qd1 Ra8 38. Qa1 Rxa7 39. Qxa7 Qc8 40. Qb6 f6 41. Be3
Nb7 42. f3 Kf7 43. Kh2 Ke8 44. f4 f5 45. exf5 gxf5 46. Bd1 Ke7 47. Nh5 Nc5 48.
Ng7 exf4 49. Bxf4 Ne4 50. Bf3 Qc5 51. Qb7 Bxg7 52. hxg7 Qf2 53. g8=N+ Kf8 54.
Bh6+ 1-0

[Event "Bundesliga 2022-23"]
[Site "Munich GER"]
[Date "2023.04.29"]
[Round "14.7"]
[Board "6"]
[White "Costa, Leonardo"]
[Black "Kozul, Zdenko"]
[Result "1/2-1/2"]
[WhiteTitle "FM"]
[BlackTitle "GM"]
[WhiteElo "2350"]
[BlackElo "2549"]
[WhiteTeam "Muenchener Schachclub 1836"]
[BlackTeam "Schachfreunde Deizisau"]
[WhiteFideId "16213955"]
[BlackFideId "14502879"]
[EventDate "2022.10.22"]

1. e4 c5 2. Nf3 d6 3. d4 cxd4 4. Nxd4 Nf6 5. Nc3 Nc6 6. f3 e5 7. Nb3 Be7 8. Be3
Be6 9. Qe2 O-O 10. O-O-O Qb8 11. a3 Rc8 12. Nd5 Bd8 13. Nxf6+ Bxf6 14. Kb1 a5
15. Qd2 Be7 16. Bb6 Bd8 17. Be3 Be7 18. Bb6 Bd8 19. Be3 Be7 20. Bb6 Bd8 1/2-1/2

[Event "Bundesliga 2022-23"]
[Site "Munich GER"]
[Date "2023.04.29"]
[Round "14.7"]
[Board "7"]
[White "Dautov, Rustem"]
[Black "Watson, William N"]
[Result "1/2-1/2"]
[WhiteTitle "GM"]
[BlackTitle "GM"]
[WhiteElo "2592"]
[BlackElo "2492"]
[WhiteTeam "Schachfreunde Deizisau"]
[BlackTeam "Muenchener Schachclub 1836"]
[WhiteFideId "4623606"]
[BlackFideId "400157"]
[EventDate "2022.10.22"]

1. d4 Nf6 2. c4 g6 3. Nf3 Bg7 4. g3 c6 5. Bg2 d5 6. Qb3 O-O 7. O-O Qb6 8. Nc3
Bf5 9. Ne5 Be6 10. Qd1 dxc4 11. Na4 Qc7 12. Nc5 Qc8 13. Qc2 Bh3 14. Nxc4 Bxg2
15. Kxg2 Nbd7 16. e4 Nxc5 17. dxc5 Qe6 18. f3 Rad8 19. Be3 Nd5 20. Bd2 Nc7 21.
Ba5 Rd4 22. b3 Na6 23. Ne3 Nb4 24. Bxb4 Rxb4 25. Rad1 Rd4 26. Nc4 Rfd8 27. Rxd4
Rxd4 28. Rd1 Qd7 29. Rxd4 Qxd4 30. b4 Kf8 31. a3 Ke8 32. Na5 Kd7 33. Qe2 Kc7 34.
Nc4 b5 35. cxb6+ axb6 36. a4 Qc3 37. b5 Bd4 38. bxc6 Kxc6 39. e5 Kc7 40. f4 Qb3
41. Nd2 Qxa4 42. Nf3 Qc6 43. Qa2 Bc5 44. Qxf7 Qe4 45. Qb3 Kc6 46. Kh3 h6 47.
Qe6+ Kb5 48. Nh4 g5 49. Ng6 Qf3 50. fxg5 hxg5 51. Nxe7 Qh5+ 52. Kg2 Qe2+ 53. Kh3
Qh5+ 1/2-1/2

[Event "Bundesliga 2022-23"]
[Site "Munich GER"]
[Date "2023.04.29"]
[Round "14.7"]
[Board "8"]
[White "Froewis, Georg"]
[Black "Kozak, Adam"]
[Result "1/2-1/2"]
[WhiteTitle "IM"]
[BlackTitle "GM"]
[WhiteElo "2445"]
[BlackElo "2516"]
[WhiteTeam "Muenchener Schachclub 1836"]
[BlackTeam "Schachfreunde Deizisau"]
[WhiteFideId "1618423"]
[BlackFideId "753246"]
[EventDate "2022.10.22"]

1. c4 e6 2. g3 d5 3. d4 Nf6 4. Bg2 Bb4+ 5. Nc3 O-O 6. Nf3 dxc4 7. O-O Nc6 8. a3
Be7 9. e4 a6 10. Be3 b5 11. Qe2 Bb7 12. Rad1 Na5 13. Ne5 Nd7 14. f4 Bd6 15. f5
exf5 16. Rxf5 f6 17. Nxd7 Qxd7 18. Rdf1 Rae8 19. a4 c5 20. dxc5 Be5 21. Rd1 Qc6
22. axb5 axb5 23. Nd5 Nb3 24. Qf2 Bc8 25. Nb4 Qa8 26. Nd5 Kh8 27. Nb6 Qa2 28.
Nxc8 Rxc8 29. Rh5 Rcd8 30. Rxd8 Rxd8 31. c6 Qb1+ 32. Qf1 Qxf1+ 33. Kxf1 Rc8 34.
Bf4 Rxc6 35. Bxe5 g6 36. Bc3 gxh5 37. e5 Rc5 38. exf6 Kg8 39. Ke2 Kf7 40. Ke3 h6
41. h4 Ke6 42. Bh3+ Kf7 43. Bg2 Ke6 44. Bh3+ 1/2-1/2

[Event "Bundesliga 2022-23"]
[Site "Munich GER"]
[Date "2023.04.29"]
[Round "14.8"]
[Board "1"]
[White "Maghsoodloo, Parham"]
[Black "Sedlak, Nikola"]
[Result "1/2-1/2"]
[WhiteTitle "GM"]
[BlackTitle "GM"]
[WhiteElo "2721"]
[BlackElo "2472"]
[WhiteTeam "FC Bayern Muenchen"]
[BlackTeam "SV Deggendorf"]
[WhiteFideId "12539929"]
[BlackFideId "922900"]
[EventDate "2022.10.22"]

1. d4 d5 2. c4 e6 3. Nf3 Nf6 4. g3 Be7 5. Bg2 Ne4 6. O-O f5 7. Nc3 c6 8. Ne5 Nd7
9. Bf4 O-O 10. Qc2 Nxe5 11. Bxe5 Nd6 12. b3 dxc4 13. Rad1 cxb3 14. axb3 Nf7 15.
Bf4 Bg5 16. Bxg5 Qxg5 17. f4 Qh6 18. Na4 Rd8 19. Nb2 Qf6 20. e3 Nd6 21. Ra1 Bd7
22. Nd3 Be8 23. b4 a6 24. h3 Rac8 25. Kh2 Rc7 26. Ra5 Re7 27. Ne5 Nf7 28. Rd1 g5
29. Bf3 Qh6 30. Nd3 g4 31. Bg2 gxh3 32. Bf3 Nd6 33. Qe2 Rg7 34. Rg1 Qf6 35. Raa1
Bg6 36. Rac1 Kh8 37. Qf1 Rdg8 38. Qxh3 Qe7 39. Rg2 Ne8 40. Ne5 Qxb4 41. Qh4 Qf8
42. g4 fxg4 43. Rxg4 Nf6 44. Rg5 Be4 45. Rcg1 Bxf3 46. Nxf3 Ne4 47. Rxg7 Rxg7
48. Rxg7 Qxg7 49. Qd8+ Qg8 50. Qh4 a5 51. Nd2 Nxd2 1/2-1/2

[Event "Bundesliga 2022-23"]
[Site "Munich GER"]
[Date "2023.04.29"]
[Round "14.8"]
[Board "2"]
[White "Delchev, Aleksander"]
[Black "Tabatabaei, M. Amin"]
[Result "1/2-1/2"]
[WhiteTitle "GM"]
[BlackTitle "GM"]
[WhiteElo "2503"]
[BlackElo "2657"]
[WhiteTeam "SV Deggendorf"]
[BlackTeam "FC Bayern Muenchen"]
[WhiteFideId "2900394"]
[BlackFideId "12521213"]
[EventDate "2022.10.22"]

1. d4 Nf6 2. c4 e6 3. Nf3 h6 4. g3 Bb4+ 5. Bd2 Be7 6. Bg2 O-O 7. O-O d5 8. Qc2
c6 9. Rd1 Nbd7 10. Bf4 a5 11. b3 b6 12. Ne5 Nxe5 13. dxe5 Nd7 14. cxd5 cxd5 15.
e4 d4 16. Rxd4 Bc5 17. Rd1 g5 18. Bc1 Qc7 19. Nc3 Nxe5 20. Na4 Bd6 21. Qxc7 Bxc7
22. Be3 b5 23. Rac1 bxa4 24. Rxc7 axb3 25. axb3 Ba6 26. f4 gxf4 27. gxf4 Nd3 28.
Ra1 Bb5 29. e5 Rac8 30. Rxc8 Rxc8 31. Rxa5 Bc6 32. Bf1 Be4 33. Ra4 Bf5 34. Rc4
Ra8 35. Bxd3 Bxd3 36. Rd4 1/2-1/2

[Event "Bundesliga 2022-23"]
[Site "Munich GER"]
[Date "2023.04.29"]
[Round "14.8"]
[Board "3"]
[White "Huschenbeth, Niclas"]
[Black "Stojanovic, Dalibor"]
[Result "1-0"]
[WhiteTitle "GM"]
[BlackTitle "GM"]
[WhiteElo "2593"]
[BlackElo "2472"]
[WhiteTeam "FC Bayern Muenchen"]
[BlackTeam "SV Deggendorf"]
[WhiteFideId "24604747"]
[BlackFideId "922692"]
[EventDate "2022.10.22"]

1. e4 e5 2. Nf3 Nc6 3. Bb5 Nf6 4. O-O Nxe4 5. Re1 Nd6 6. a4 Be7 7. Nc3 O-O 8. d4
e4 9. Nxe4 Nxe4 10. Rxe4 a6 11. Bd3 Nb4 12. Bf1 d5 13. Re1 Bf5 14. c3 Nc6 15. a5
Qd7 16. Bf4 Be4 17. Nd2 Bf5 18. Qf3 Bg6 19. Qg3 Bd6 20. Bxd6 cxd6 21. Qf3 Qf5
22. Qxf5 Bxf5 23. Be2 Rab8 24. Nf1 Be6 25. Ne3 Rfc8 26. f4 g6 27. g4 Ne7 28. Bd3
Kg7 29. Re2 Bd7 30. h3 h5 31. gxh5 Bxh3 32. Kf2 Rh8 33. hxg6 fxg6 34. Rg1 Kf6
35. Ke1 Bf5 36. Kd2 Rh3 37. Nxf5 gxf5 38. Rge1 Ng6 39. Re6+ Kf7 40. Bxf5 Rh2+
41. Kc1 Nxf4 42. Rxd6 Rg8 43. Be6+ 1-0

[Event "Bundesliga 2022-23"]
[Site "Munich GER"]
[Date "2023.04.29"]
[Round "14.8"]
[Board "4"]
[White "Bogosavljevic, Boban"]
[Black "Alonso Rosell, Alvar"]
[Result "1/2-1/2"]
[WhiteTitle "GM"]
[BlackTitle "GM"]
[WhiteElo "2533"]
[BlackElo "2563"]
[WhiteTeam "SV Deggendorf"]
[BlackTeam "FC Bayern Muenchen"]
[WhiteFideId "931152"]
[BlackFideId "2270544"]
[EventDate "2022.10.22"]

1. Nf3 d5 2. g3 c6 3. Bg2 Bf5 4. O-O e6 5. d3 h6 6. c4 dxc4 7. dxc4 Nd7 8. Nc3
Ngf6 9. Bf4 Be7 10. Qe1 g5 11. Bc1 e5 12. b3 Qc7 13. Bb2 O-O 14. e4 Bg6 15. Qe2
a5 16. Rac1 Rfe8 17. Rfd1 Rad8 18. h4 g4 19. Nh2 h5 20. Nf1 Nc5 21. Ne3 Ne6 22.
Nf5 Bf8 23. Qe3 Nd4 24. Nxd4 exd4 25. Rxd4 Bc5 26. Na4 Bxd4 27. Bxd4 Qd6 28. Bb6
Rd7 29. Nc5 Rde7 30. Qg5 Kh7 31. Kh2 Re5 32. Qf4 Nd7 33. Nxd7 Qxd7 34. Be3 R8e6
35. Rc2 Bxe4 36. Rd2 Qe7 37. Bxe4+ Rxe4 38. Qf5+ Kg7 39. Qxh5 Qf6 40. Qxa5 Qf3
41. Qg5+ Rg6 42. Qc5 Rge6 43. Qg5+ Rg6 44. Qd8 Kh7 45. Qc7 Rge6 46. Qa5 Rxe3 47.
fxe3 Rxe3 48. Qh5+ Kg7 49. Qg5+ Kh7 50. Qh5+ Kg7 51. Qg5+ Kh7 1/2-1/2

[Event "Bundesliga 2022-23"]
[Site "Munich GER"]
[Date "2023.04.29"]
[Round "14.8"]
[Board "6"]
[White "Miljkovic, Miroslav D"]
[Black "Bischoff, Klaus"]
[Result "1-0"]
[WhiteTitle "GM"]
[BlackTitle "GM"]
[WhiteElo "2453"]
[BlackElo "2486"]
[WhiteTeam "SV Deggendorf"]
[BlackTeam "FC Bayern Muenchen"]
[WhiteFideId "922722"]
[BlackFideId "4600045"]
[EventDate "2022.10.22"]

1. d4 e6 2. c4 Bb4+ 3. Bd2 Bxd2+ 4. Qxd2 f5 5. Nc3 Nf6 6. e3 d6 7. Bd3 O-O 8.
Nge2 e5 9. O-O c6 10. f3 Qe7 11. b4 Be6 12. Rac1 Nbd7 13. d5 cxd5 14. cxd5 Nxd5
15. Nxd5 Bxd5 16. Bxf5 Nb6 17. Nc3 Bc6 18. Qd3 g6 19. Be4 Rfd8 20. Bd5+ Kg7 21.
Rc2 Rac8 22. Rfc1 Nxd5 23. Nxd5 Qe6 24. e4 Bxd5 25. Qxd5 Qxd5 26. exd5 Rxc2 27.
Rxc2 Rf8 28. Kf2 Rf4 29. Rc7+ Rf7 30. Rc8 Rf8 31. Rc3 Rf4 32. a3 a6 33. Ke3 h5
34. Rc7+ Rf7 35. Rc8 Rf8 36. Rc7+ Rf7 37. Rc8 Rf8 38. Rxf8 Kxf8 39. f4 exf4+ 40.
Kxf4 Kf7 41. Kg5 Kg7 42. a4 b5 43. a5 Kf7 44. g3 Kg7 45. h3 Kf7 46. Kh6 Kf6 47.
g4 1-0